| 000 | 00632nam a2200193 i 4500 | ||
|---|---|---|---|
| 001 | 135405 | ||
| 003 | ES-MaACL | ||
| 005 | 20250612063107.0 | ||
| 007 | t| | ||
| 008 | 070717q19301939sp ||||1| spa d | ||
| 100 | 0 |
_aTormo y Monzó, Elías, _d1869-1957 _9110657 |
|
| 245 | 1 | 0 |
_aToledo _b: tesoro y museos / _cElías Tormo y Monzó. |
| 260 |
_aMadrid : _bGráficas Marinas, _c[1930?] |
||
| 300 |
_a2 fasc. ; _c17 cm. |
||
| 500 | _aPrecede al tít.: Patronato Nacional del Turismo. | ||
| 710 | 2 |
_aPatronato Nacional del Turismo (España) _96194 |
|
| 852 |
_aES-MaACL _j1837-F-17-18 _bR.20085 |
||
| 999 |
_c135405 _d135405 |
||